Capital profesional: transformar la enseñanza en cada escuela

Uloženo v:
Podrobná bibliografie
Hlavní autoři: Hargreaves, Andy, Fullan, Michael (Autor)
Médium: Kniha
Jazyk:španělština
Vydáno: Madrid Morata 2014
Vydání:1a. ed
Edice:Liderazgo Educativo
Témata:
Tagy: Přidat tag
Žádné tagy, Buďte první, kdo vytvoří štítek k tomuto záznamu!

MARC

LEADER 00000cam a2200000 a 4500
001 UCE6345
003 CL-VaPUC
008 150402e20140000sp |||||||||||||||||spa|d
020 |a 978847112725 
082 0 4 |a 370.1  |b HAR  |2 21 
100 |a Hargreaves, Andy  |9 856829 
700 0 |a Fullan, Michael  |e author  |9 578995 
245 1 0 |a Capital profesional: transformar la enseñanza en cada escuela 
250 |a 1a. ed 
300 |a 239 p 
942 |c BK 
945 |d 20150402 11:08:00  |a arojas 
260 |a Madrid  |b Morata  |c 2014 
650 0 |a Filosofía de la educación   |9 258384 
650 0 |a Reforma educacional   |9 256319 
650 7 |a PROFESIONALES  |2 CL-VaPUC  |9 375238 
650 0 |a Enseñanza  |9 256457 
583 |a last modification  |c 20150402 11:08:00  |k Rodrigo Vera 
490 0 |a Liderazgo Educativo 
999 |c 358677  |d 358675 
952 |0 0  |1 0  |3 erb  |4 0  |6 370_100000000000000_HAR_2014  |7 0  |8 A  |9 467533  |a BIBEDU  |b BIBEDU  |i 5144744  |l 1  |o 370.1 HAR 2014  |p 5144744  |r 2024-08-10  |s 2024-06-28  |w 2019-11-23  |y BK  |z Catalogado en:20150402  |k EPE